<?xml version="1.0" encoding="UTF-8"?>
<record
    xmlns:xsi="http://www.w3.org/2001/XMLSchema-instance"
    xsi:schemaLocation="http://www.loc.gov/MARC21/slim http://www.loc.gov/standards/marcxml/schema/MARC21slim.xsd"
    xmlns="http://www.loc.gov/MARC21/slim">

  <leader>02023nam a2200229Ia 4500</leader>
  <controlfield tag="001">b6670-47637 </controlfield>
  <controlfield tag="003">IT-MiCISF</controlfield>
  <controlfield tag="005">20250331104926.0</controlfield>
  <controlfield tag="008">161014s9999||||xx |||||||||||||| ||und||</controlfield>
  <datafield tag="040" ind1=" " ind2=" ">
    <subfield code="a">IT-MiCISF</subfield>
    <subfield code="c">IT-MiCISF</subfield>
  </datafield>
  <datafield tag="041" ind1=" " ind2=" ">
    <subfield code="a">it</subfield>
  </datafield>
  <datafield tag="100" ind1=" " ind2=" ">
    <subfield code="a">Ricci Sindoni Paola, Vigna Carmelo (a cura di)</subfield>
    <subfield code="9">62037</subfield>
  </datafield>
  <datafield tag="245" ind1=" " ind2="0">
    <subfield code="a">Di un altro genere: etica al femminile</subfield>
  </datafield>
  <datafield tag="260" ind1=" " ind2=" ">
    <subfield code="a"> Milano,</subfield>
    <subfield code="b">Vita e pensiero,</subfield>
    <subfield code="c">2008</subfield>
  </datafield>
  <datafield tag="300" ind1=" " ind2=" ">
    <subfield code="a">pp. XI-290</subfield>
  </datafield>
  <datafield tag="500" ind1=" " ind2=" ">
    <subfield code="a">/ donna, differenza-sessuale, etica, maternit&#xE0;, femminismo, lavoro, famiglia, bioetica, massmedia, teologia / </subfield>
  </datafield>
  <datafield tag="520" ind1=" " ind2=" ">
    <subfield code="a">L'attuale dibattito teorico del femminismo europeo e americano sembra ormai definitivamente assestato su posizioni antiessenzialiste e antinaturaliste, secondo cui la differenza sessuale usualmente accettata nelle due forme di maschile e di femminile va al contrario ricondotta alle sue configurazioni sociali e storiche e, dunque, raccolta dentro un'indistinta uniformit&#xE0; di genere. Il sesso non &#xE8; pi&#xF9; un elemento distintivo di una marcatura ontologica duale, ma un orientamento soggettivo segnato dalla libert&#xE0; del singolo. Questo volume, che si avvale dei contributi di numerose pensatrici italiane, intende affrontare i nodi ancora irrisolti della questione femminile nelle sue declinazioni storiche, culturali e politiche, alla ricerca di un'antropologia duale, ontologicamente fondata ed eticamente produttiva, per raggiungere la trama intersoggettiva della differenza, dove equilibrare pathos e logos, esperienza emotiva ed esperienza cognitiva, passione e dovere, concretezza del vivere e universalit&#xE0; della condizione umana, complessit&#xE0; dei legami intersoggettivi e responsabilit&#xE0; morale.</subfield>
  </datafield>
  <datafield tag="650" ind1=" " ind2=" ">
    <subfield code="a">Donna</subfield>
    <subfield code="e">003</subfield>
  </datafield>
  <datafield tag="700" ind1=" " ind2=" ">
    <subfield code="a">Botturi F., Ricci-Sindoni P., Vigna C., Boella L., Cavarero A., Guaraldo O., Forcina M.,</subfield>
    <subfield code="a"> Rossi G., Brezzi F., Palazzani L., Corradi M., Farina M., Battaglia L., Muraro L., </subfield>
    <subfield code="a">Scaraffia L., Pulcini E., Costanzo G., Piraino L., Venuti G. </subfield>
    <subfield code="9">62038</subfield>
  </datafield>
  <datafield tag="942" ind1=" " ind2=" ">
    <subfield code="c">BK</subfield>
    <subfield code="2">ddc</subfield>
  </datafield>
  <datafield tag="999" ind1=" " ind2=" ">
    <subfield code="c">210352</subfield>
    <subfield code="d">210352</subfield>
  </datafield>
  <datafield tag="999" ind1=" " ind2=" ">
    <subfield code="b">si</subfield>
  </datafield>
  <datafield tag="952" ind1=" " ind2=" ">
    <subfield code="0">0</subfield>
    <subfield code="1">0</subfield>
    <subfield code="4">0</subfield>
    <subfield code="6">B_667047637</subfield>
    <subfield code="7">1</subfield>
    <subfield code="a">CISF</subfield>
    <subfield code="b">CISF</subfield>
    <subfield code="d">2016-10-14</subfield>
    <subfield code="l">0</subfield>
    <subfield code="o">b6670-47637 </subfield>
    <subfield code="r">2016-10-14 00:00:00</subfield>
    <subfield code="w">2016-10-14</subfield>
    <subfield code="y">BK</subfield>
    <subfield code="z">Data import 15.10.2016 / by Epidotti, Vaglietti</subfield>
  </datafield>
</record>
